000 00501nam a2200181Ia 4500
001 7768
005 20260306160519.0
008 260306t2006||||xx |||||||||||||| ||spa||
041 _aESP
082 _a361.610985
_bN89
100 _aCotlear, Daniel (ed).
_eAUT
245 0 _aUn nuevo contrato social para el Perú:
_b¿cómo lograr un país más educado, saludable y solidario
260 _c2006
300 _a470 páginas :
_c24 cm.
650 _aGEN
654 _aCAN
942 _cLIB
_dJUS
_fJUS
_2ddc
_n
999 _c7768
_d7768